<?xml version="1.0" encoding="UTF-8"?>
<record
    xmlns:xsi="http://www.w3.org/2001/XMLSchema-instance"
    xsi:schemaLocation="http://www.loc.gov/MARC21/slim http://www.loc.gov/standards/marcxml/schema/MARC21slim.xsd"
    xmlns="http://www.loc.gov/MARC21/slim">

  <leader>00764nam a22002177a 4500</leader>
  <datafield tag="999" ind1=" " ind2=" ">
    <subfield code="c">9847</subfield>
    <subfield code="d">9847</subfield>
  </datafield>
  <controlfield tag="003">AR-CdUCM</controlfield>
  <controlfield tag="008">190328b           ||||| |||| 00| 0 spa d</controlfield>
  <datafield tag="040" ind1=" " ind2=" ">
    <subfield code="a">MUNICIPALIDAD PROVINCIAL DEL CUSCO</subfield>
    <subfield code="c">BIBLIOTECA MUNICIPAL DEL CUSCO</subfield>
  </datafield>
  <datafield tag="082" ind1=" " ind2=" ">
    <subfield code="a">C / 780.9856 / </subfield>
    <subfield code="b">H4 / 1960</subfield>
  </datafield>
  <datafield tag="245" ind1=" " ind2=" ">
    <subfield code="a">Himnos sagrados de los Andes / </subfield>
    <subfield code="c">Jorge A. Lira</subfield>
  </datafield>
  <datafield tag="260" ind1=" " ind2=" ">
    <subfield code="a">Cusco : </subfield>
    <subfield code="b">Jorge A. Lira, </subfield>
    <subfield code="c">1960.</subfield>
  </datafield>
  <datafield tag="300" ind1=" " ind2=" ">
    <subfield code="a">[2 tomos] ; </subfield>
    <subfield code="c">26.5 cm.</subfield>
  </datafield>
  <datafield tag="505" ind1=" " ind2=" ">
    <subfield code="a">Contenido: Tomo II:  Partituras de m&#xFA;sica sacra ind&#xED;gena.</subfield>
  </datafield>
  <datafield tag="650" ind1=" " ind2=" ">
    <subfield code="a">M&#xFA;sica - Andes - Sacra</subfield>
    <subfield code="9">26335</subfield>
  </datafield>
  <datafield tag="650" ind1=" " ind2=" ">
    <subfield code="a">Partituras  musicales</subfield>
    <subfield code="9">26336</subfield>
  </datafield>
  <datafield tag="650" ind1=" " ind2=" ">
    <subfield code="a">Himnos - Cusco - Andes</subfield>
    <subfield code="9">26337</subfield>
  </datafield>
  <datafield tag="650" ind1=" " ind2=" ">
    <subfield code="a">Himnos a la Virgen - M&#xFA;sica religiosa</subfield>
    <subfield code="9">26338</subfield>
  </datafield>
  <datafield tag="942" ind1=" " ind2=" ">
    <subfield code="2">ddc</subfield>
    <subfield code="c">LIBROS</subfield>
  </datafield>
  <datafield tag="945" ind1=" " ind2=" ">
    <subfield code="a">lccs</subfield>
  </datafield>
  <datafield tag="952" ind1=" " ind2=" ">
    <subfield code="0">0</subfield>
    <subfield code="2">ddc</subfield>
    <subfield code="4">0</subfield>
    <subfield code="7">0</subfield>
    <subfield code="a">SCA</subfield>
    <subfield code="b">SCA</subfield>
    <subfield code="c">CART</subfield>
    <subfield code="d">2019-03-28</subfield>
    <subfield code="g">65.00</subfield>
    <subfield code="o">C / 780.9856 /  H4 / t.2 / 1960</subfield>
    <subfield code="p">SCA0000036</subfield>
    <subfield code="r">2019-03-28</subfield>
    <subfield code="y">LIBROS</subfield>
  </datafield>
</record>
